00755nam a22002057a 4500003000900000008004100009020001800050040007100068082002000139110003800159245003100197260006300228300004500291440003800336505007400374650001200448650001300460700003800473700003800511AR-CdUCM190607b ||||| |||| 00| 0 spa d a968-29-1148-6 aMUNICIPALIDAD PROVINCIAL DEL CUSCOcBIBLIOTECA MUNICIPAL DEL CUSCO a869.103 / bP79 aSecretaria de Educación Publica aCuentos de puros sustos /  aMéxico : bCoordinación de medios para niños,c1986. a62 páginas ; bIlustraciones, c24 cm. aColección para leer en voz alta aContenido: Juan Soldado -- El lobo y la zorra -- Consejos y dinero... aCuentos aMéxico aGuadalupe posada, Jose (grabados) aMorales, Alfonso (presentación)